000 00462nam a2200169Ia 4500
003 GCL
008 140319s9999 xx 000 0 ara d
040 _aGCL /
_cGCL
082 0 4 _a658.3
_bع ت
100 1 _aعبدالمجيد فراج
245 1 0 _aتنمية الادارة وادارة التنمية /
_cعبدالمجيد فراج
300 _a26
490 _a100 قصة
_v0
650 0 4 _aالادارة
650 0 4 _aالتنمية
942 _2ddc
_cBK
999 _c43788
_d43788